| 000 | 00000nam##2200000za#4500 |
| 001 | 9.693777 |
| 003 | CaOODSP |
| 005 | 20210624233823 |
| 007 | cr ||||||||||| |
| 008 | 150407|2000||||xxc|||||o f|0| 0 eng|d |
| 040 | |aCaOODSP|beng |
| 043 | |an-cn--- |
| 086 | 1 |aNH15-444/2000E-PDF |
| 110 | 2 |aCanada Mortgage and Housing Corporation. |
| 245 | 10|aCanada Poland residential real estate investment model : |h[electronic resource]|ban evaluation of Poland's residential real estate market |
| 260 | |bCanada Mortgage and Housing Corporation |c[2000]. |
| 300 | |a21p. |
| 500 | |a"Summary". |
| 590 | |a11-05-Supp|b2011-03-15 |
| 856 | 40|ahttp://publications.gc.ca|qPDF|s5.75 MB|uhttps://publications.gc.ca/collections/collection_2011/schl-cmhc/NH15-444-2000-eng.pdf |